000 00246nam a22000977a 4500
100 _aUpadhyay,Vani
_979622
245 _aThe Princess & The Goblin
260 _aDelhi
_bSwarajya Mandir Prakashan
_c2016
650 _aChildran Book
_97575
942 _cBK
999 _c63262
_d63262